| 000 | 00533ntaaa2200205 4500 | ||
|---|---|---|---|
| 003 | 01 | ||
| 005 | 20251027201714.0 | ||
| 008 | 0714s1973 ag 01 | ||
| 040 |
_aAR-BaBN _bspa _cAR-BaBN _eaacr _dRIC |
||
| 082 | _a234.0000 C54 | ||
| 100 |
_aClark, Stanley _914029 |
||
| 245 | _aVivamos la sana doctrina | ||
| 250 | _a1 ed. | ||
| 260 |
_aBuenos Aires : _bJunta Bautista de Publicaciones, _cc1966 |
||
| 300 | _a89 p | ||
| 500 | _aEstudios sobre la vida cristiana | ||
| 650 | _asalvación | ||
| 650 | _avida cristiana | ||
| 942 | _cBK | ||
| 999 |
_c11728 _d11728 |
||